000 00782nam a22001817a 4500
003 OSt
005 20250604105419.0
008 250604b |||||||| |||| 00| 0 eng d
040 _aLB-BrCRDP
041 _aENG.
082 _a CRDP 371.271 M345
100 _aCenter for educational research and development
245 _aProposal official examination samples- Subject: Physics (Humanities and sociology-Economics) / الشهادة الثانوية العامة
260 _aSin El fil
_bCenter for educational research and development
_c2000
650 _aEducation - official examination samples- Physics (Humanities and sociology-Economics)
650 _aEducation - official examination samples- Physics (Humanities and sociology-Economics) - Lebanon
942 _2ddc
_cBK
999 _c24236
_d24236